000 01243nam a2200253Ia 4500
999 _c55764
_d55764
001 22861
003 GE_BSU
005 20221012100447.0
008 181216s2017||||ge |||||||||||||| ||geo||
020 _a9789941253140
040 _cGE_BSU
041 _ageo
080 _a347.61/64 შ-48
100 _aშენგელია, რომან
_915268
245 _aსაოჯახო და მემკვიდრეობის სამართალი :
_b(თეორია და პრაქტიკა ) /
_cრომან შენგელია; ეკატერინე შენგელია. [რედ.: ჯონი ხეცურიანი; ლადო ჭანტურია.]
250 _aმე-2 გამოცემა
264 _aთბილისი ;
_bმერიდიანი,
_c2017.
300 _a494 გვ. ;
_b21 სმ.
300 _bბიბლიოგრაფია ტექსტის შენიშვნებში.
653 _aსამართალი
700 _aხეცურიანი, ჯონი
_eრედაქტორი
_915269
700 _aჭანტურია, ლადო
_eრედაქტორი
_915270
942 _cBK
_2udc